| 000 | 00589nam a22001577a 4500 | ||
|---|---|---|---|
| 003 | OSt | ||
| 005 | 20240926122546.0 | ||
| 008 | 240926b |||||||| |||| 00| 0 eng d | ||
| 040 | _cChuka University Library | ||
| 050 |
_aHD 2346 _b.K4M63 1986 V.IV |
||
| 100 |
_aMani, J., B. F. Makau, C. Aleke-Dondo, W. Kulundu-Bitonye, _917564 |
||
| 245 |
_aMobilisation of the informal sector for Kenya's development _bStudies on Kenya's informal sector; An annotated bibliography |
||
| 260 |
_aNairobi, Kenya _bNational Council for Science and Technology _c1986 |
||
| 300 | _a48p. | ||
| 942 |
_2lcc _cBK _n0 |
||
| 999 |
_c18242 _d18242 |
||